000 00300nam a22001337a 4500
008 180922b xxu||||| |||| 00| 0 eng d
020 _a9780807738900
041 _aeng
080 _a371
100 _a25
101 _aEDU
245 _aTeaching as a Performing Art
_cSarason, S.B
942 _2udc
_cBK
999 _c48227
_d48227